標高2000m未満の日本百名山 - Statistics

General Stats
  • This quiz has been taken 41 times
  • The average score is 17 of 37
Answer Stats
Hint Answer % Correct
茨城県 筑波山
86%
熊本県 阿蘇山
71%
青森県 岩木山
63%
山形県 月山
63%
岐阜県・滋賀県 伊吹山
63%
鳥取県 大山
63%
鹿児島県 宮之浦岳
63%
徳島県 剣山
60%
愛媛県 石鎚山
57%
鹿児島県・宮崎県 霧島山
57%
北海道 羅臼岳
54%
青森県 八甲田山
54%
山形県・宮城県 蔵王山
51%
新潟県・群馬県 谷川岳
51%
福島県 磐梯山
49%
群馬県 赤城山
49%
鹿児島県 開聞岳
49%
北海道 利尻岳
46%
岩手県・秋田県 八幡平
46%
神奈川県 丹沢山
46%
三重県・奈良県 大台ヶ原山
46%
大分県 九重山
46%
北海道 後方羊蹄山
43%
福島県 安達太良山
43%
静岡県 天城山
40%
北海道 斜里岳
37%
北海道 阿寒岳
37%
岩手県 早池峰山
31%
埼玉県 両神山
31%
大分県・宮崎県 祖母山
31%
栃木県・福島県 那須岳
29%
山形県・新潟県 朝日岳
26%
長野県 霧ヶ峰
26%
福井県 荒島岳
20%
奈良県 大峰山
20%
新潟県・群馬県 巻機山
17%
新潟県・長野県 雨飾山
17%
No matching quizzes found
Score Distribution
Percent of People with Each Score
Percentile by Number Answered
Your Score History
You have not taken this quiz